| 000 | 01390nam0a2200313 4500 | ||
|---|---|---|---|
| 001 | RU\NLR\bibl\83438 | ||
| 005 | 20260409065453.0 | ||
| 010 |
_a5-7782-0176-1 _9100 |
||
| 021 |
_aRU _b1998-38442 _91845 |
||
| 035 | _a(NLR Aleph) 000081491 | ||
| 090 |
_a453907 _c453907 |
||
| 100 | _a20000503d1997 |||y0rusy50 ca | ||
| 101 | 0 |
_aeng _arus |
|
| 102 | _aRU | ||
| 105 | _ay ||||||||| | ||
| 200 | 1 |
_aEnglish tenses. Practice book _eВидовые и врем. формы англ. яз. _eУчеб. пособие по практ. грамматике англ. яз. для студентов, магистрантов и аспирантов всех спец. _fС.С. Буторин, О.В. Салкова, В.Г. Шабаев _gМ-во общ. и проф. образования Рос. Федерации, Новосиб. гос. техн. ун-т |
|
| 210 |
_aНовосибирск _cИзд-во НГТУ _d1997 |
||
| 215 |
_a80 с. _d20 |
||
| 606 |
_aАнглийский язык _xГрамматика _jУчебные издания _3RU\NLR\auth\6644367 _9969198 |
||
| 686 | _aШ143.21-93рус3-212.6 | ||
| 700 | 1 |
_aБуторин _bС. С. _4070 |
|
| 701 | 1 |
_aСалкова _bО. В. _4070 |
|
| 701 | 1 |
_aШабаев _bВ. Г. _4070 |
|
| 801 | 0 |
_aRU _bNLR _c20000503 _gPSBO |
|
| 801 | 1 |
_aRU _bNLR _c20000503 |
|
| 852 |
_aNLR _j99-4/9714 |
||
| 942 | _cBOOK | ||
| 980 | _aNB | ||